000 00875nam a2200277Ia 4500
001 Para_2022
003 CHAP
008 220125s1996 xx 000 0 und d
010 _a200598
040 _cCHAP
082 _aPA 630 A5
100 _aAndrés Agustín, Jorge
_95718
245 _aLa producción agropecuaría y forestal de la región de Cotija. Los Reyes, Michoacán /
_c por Jorge Andrés Agustín...[y otros]
260 _aChapingo, Méx.; Morelia, Mich. :
_b UACh; CRUCO
300 _a223 p.
650 _aCultivos
_x rendimientos
_x Los Reyes, Michoacán
_9165462
650 _aForestación
_x Los Reyes, Michoacán
_9165463
710 _aUACh. CRUCO
_9165464
901 _aPA 630 A5
902 _aA
905 _a0000001996 a 0000000000 00
910 _a1996
942 _cPARA
942 _cPARA
_d1
999 _c200598
_d200598